New Zealand Rugby All Blacks - Top Pointscorers 1990-2023 - Statistics

General Stats
  • This quiz has been taken 386 times
    158 since last reset
  • The average score is 26 of 30
Answer Stats
Year Points Player % Correct
2015 141 Daniel Carter
99%
2016 152 Beauden Barrett
97%
2017 168 Beauden Barrett
97%
2004 141 Daniel Carter
97%
2005 122 Daniel Carter
97%
2006 186 Daniel Carter
97%
2007 136 Daniel Carter
97%
2008 203 Daniel Carter
97%
2009 115 Daniel Carter
97%
2010 194 Daniel Carter
97%
2011 62 Daniel Carter
97%
2012 135 Daniel Carter
97%
2021 102 Jordie Barrett
93%
2019 80 Richie Mo'unga
84%
2013 107 Aaron Cruden
82%
2014 93 Aaron Cruden
82%
1995 149 Andrew Mehrtens
81%
1996 125 Andrew Mehrtens
81%
1998 64 Andrew Mehrtens
81%
1999 166 Andrew Mehrtens
81%
2000 126 Andrew Mehrtens
81%
2001 89 Andrew Mehrtens
81%
2002 123 Andrew Mehrtens
81%
1990 99 Grant Fox
78%
1991 95 Grant Fox
78%
1992 48 Grant Fox
78%
1993 72 Grant Fox
78%
1997 147 Carlos Spencer
72%
2003 98 Carlos Spencer
72%
1994 54 Shane Howarth
19%
No matching quizzes found
Score Distribution
Percent of People with Each Score
Percentile by Number Answered
Your Score History
You have not taken this quiz since the last reset